000 00392nam a22001577a 4500
003 LK-CoDNM
005 20240814140150.0
008 240814b |||||||| |||| 00| 0 eng d
040 _aLK-CoDNM
_dLK-CoDNM
_eLK-CoDNM
080 _a10
_bU30
100 _aTHOMAS BERTRAM
245 _aTHE ARABS
260 _aLONDON
_bTHORNTON BUTTERWORTH LTD
300 _a372P. : MAP ; 25 CM
942 _cBK
999 _c147689
_d147689